LEADER 01167nam0 22002651i 450 001 UON00009852 005 20231205101928.582 100 $a20020107d1991 |0itac50 ba 101 $aita 102 $aIT 105 $a|||| ||||| 200 1 $aImpero Ottomano e Reggenza di Tunisi$eCon inventario di documenti su Tunisi (1840-1860) conservati presso l'Archivio di Stato di Napoli$fRaffaele della Vecchia 210 $aNapoli$c[s.e.]$d1991 215 $a230 p.$d24 cm 410 1$1001UON00066248$12001 $aFonti e studi italiani per la storia dell'Africa$v5 606 $aImpero Ottomano$xStoria$xSec. 19$xFonti$3UONC006148$2FI 620 $aIT$dNapoli$3UONL000012 686 $aOTT IV B$cIMPERO OTTOMANO - STORIA - FONTI OCCIDENTALI$2A 700 1$aDELLA_VECCHIA$bRaffaele$3UONV007726$0246328 801 $aIT$bSOL$c20250919$gRICA 899 $aSIBA - SISTEMA BIBLIOTECARIO DI ATENEO$2UONSI 912 $aUON00009852 950 $aSIBA - SISTEMA BIBLIOTECARIO DI ATENEO$dSI OTT IV B 037 N $eSI SA 75205 7 037 N 996 $aImpero Ottomano e Reggenza di Tunisi$9618512 997 $aUNIOR